| 000 | 00839na a2200241 4500 | ||
|---|---|---|---|
| 001 | 22639 | ||
| 003 | MIRAKIL | ||
| 005 | 20181213155254.0 | ||
| 008 | 170220b tu 000 0 | ||
| 040 |
_aMilas _btur _cTR-AnCHP |
||
| 041 | _atur | ||
| 082 |
_aSHP 324.172 _bS36s 1993 |
||
| 090 | _aSHP 324.172 S36s 1993 | ||
| 110 |
_aSosyaldemokrat Halkçı Parti (SHP) _bİstanbul İl Başkanlığı |
||
| 245 |
_aSHP İstanbul İl başkanlığı çalışma raporu _b30 Haziran 1991-1 Ağustos 1993 _cSHP İstanbul İl Başkanlığı |
||
| 260 |
_aAnkara _bSHP İstanbul İl Başkanlığı _c1993 |
||
| 300 |
_ayklş. 100 s. _bres. _c29 sm. |
||
| 610 |
_aSHP _xİl örgütleri _yRaporlar _zİstanbul |
||
| 610 |
_aSHP _xİl kongreleri _zİstanbul |
||
| 651 |
_aTürkiye _xYerel yönetimler _yÇalışmalar |
||
| 942 |
_2ddc _cBKS |
||
| 999 |
_c9698 _d9698 |
||